Emile Durkheim / (Record no. 6937)
[ view plain ]
| 000 -LEADER | |
|---|---|
| fixed length control field | 00465nam a2200169 4500 |
| 001 - CONTROL NUMBER | |
| control field | 8057 |
| 005 - DATE AND TIME OF LATEST TRANSACTION | |
| control field | 20181127185000.0 |
| 020 00 - INTERNATIONAL STANDARD BOOK NUMBER | |
| International Standard Book Number | 0690258747 9780690258745 |
| 090 00 - LOCALLY ASSIGNED LC-TYPE CALL NUMBER (OCLC); LOCAL CALL NUMBER (RLIN) | |
| Classification number (OCLC) (R) ; Classification number, CALL (RLIN) (NR) | 301 |
| 100 00 - MAIN ENTRY--PERSONAL NAME | |
| Personal name | Simpson, George. |
| 245 00 - TITLE STATEMENT | |
| Title | Emile Durkheim / |
| Remainder of title | |
| Statement of responsibility, etc. | George Simpson. |
| Medium | |
| 260 00 - PUBLICATION, DISTRIBUTION, ETC. | |
| Place of publication, distribution, etc. | New York, |
| Name of publisher, distributor, etc. | Crowell ; |
| Date of publication, distribution, etc. | 1963. |
| 300 00 - PHYSICAL DESCRIPTION | |
| Extent | 129 pages ; 22 cm. |
| 490 ## - SERIES STATEMENT | |
| Series statement | Major contributors to social science series. |
| Volume/sequential designation | |
| International Standard Serial Number | |
| 650 00 - SUBJECT ADDED ENTRY--TOPICAL TERM | |
| Topical term or geographic name entry element | Sociology. |
| General subdivision | |
| Withdrawn status | Lost status | Source of classification or shelving scheme | Damaged status | Not for loan | Collection code | Home library | Current library | Shelving location | Date acquired | Serial Enumeration / chronology | Inventory number | Total Checkouts | Full call number | Barcode | Date last seen | Date last checked out | Price effective from | Koha item type |
|---|---|---|---|---|---|---|---|---|---|---|---|---|---|---|---|---|---|---|
| Dewey Decimal Classification | Main TEST | RTC Library | RTC Library | Main opac | 12/01/2022 | 12143 | 2 | 301 SIM | 30012952 | 11/04/2024 | 29/03/2024 | 27/11/2018 | Main |